[Event "Paington op"]
[Site "Paington"]
[Date "2008.09.06"]
[Round "7"]
[White "White, Ernest Michael"]
[Black "Adams, David M"]
[Result "0-1"]
[WhiteElo "1979"]
[BlackElo "2188"]
[PlyCount "110"]
[EventDate "2008.08.31"]
[EventType "swiss"]
[EventRounds "7"]
[EventCountry "ENG"]
[SourceTitle "EXT 2010"]
[Source "ChessBase"]
[SourceDate "2010.11.25"]
[SourceVersion "1"]
[SourceVersionDate "2010.11.25"]
[SourceQuality "1"]

1. f4 d6 2. b3 Nf6 3. Bb2 e5 4. d3 exf4 5. Qd2 Nd5 6. Nf3 Bg4 7. Na3 Bxf3 8. exf3 Ne3 9. Qb4 Nd7 10. Qxf4 Qe7 11. Kd2 Nd5 12. Qd4 Qg5+ 13. Kd1 0-0-0 14. f4 Nxf4 15. g3 Ne6 16. Qxa7 Nb8 17. Nc4 Qc5 18. Qxc5 Nxc5 19. Bh3+ Nbd7 20. Re1 h5 21. b4 Na6 22. a3 h4 23. g4 c6 24. Re2 Kc7 25. Kd2 f6 26. Rf1 Ne5 27. Nxe5 dxe5 28. g5 Be7 29. Rg2 Nb8 30. gxf6 Bxf6 31. Re2 Rhe8 32. Rfe1 Kd6 33. d4 Kc7 34. Kc1 Nd7 35. Bxd7 Rxd7 36. dxe5 Bg5+ 37. Kb1 Re6 38. c4 Bf4 39. Kc2 g5 40. Bc3 Rf7 41. Rf1 Rd7 42. Rfe1 Rf7 43. Rf1 Rd7 44. a4 Rde7 45. Bd4 Rd7 46. Kc3 b6 47. a5 bxa5 48. bxa5 c5 49. Bxc5 Bxe5+ 50. Kc2 Kc6 51. Ba3 Rd4 52. Kb3 Rd3+ 53. Kb4 Bd6+ 54. c5 Rxe2 55. Kc4 Rxa3 0-1

[Event "Paington op"]
[Site "Paington"]
[Date "2008.09.05"]
[Round "6"]
[White "Adams, David M"]
[Black "Cutmore, Martin J"]
[Result "0-1"]
[WhiteElo "2188"]
[BlackElo "2051"]
[PlyCount "110"]
[EventDate "2008.08.31"]
[EventType "swiss"]
[EventRounds "7"]
[EventCountry "ENG"]
[SourceTitle "EXT 2010"]
[Source "ChessBase"]
[SourceDate "2010.11.25"]
[SourceVersion "1"]
[SourceVersionDate "2010.11.25"]
[SourceQuality "1"]

1. e4 c5 2. Nf3 e6 3. Qe2 Nc6 4. g3 d6 5. Bg2 g6 6. 0-0 Bg7 7. c3 Nge7 8. d3 0-0 9. Bf4 e5 10. Be3 h6 11. Ne1 Be6 12. f4 exf4 13. gxf4 Qd7 14. Nf3 Bg4 15. Nbd2 Rae8 16. Qf2 b6 17. d4 cxd4 18. Nxd4 Bh3 19. f5 Bxg2 20. Qxg2 Nxd4 21. Bxd4 Bxd4+ 22. cxd4 Kh7 23. f6 Ng8 24. Rf3 Qa4 25. Qf2 Rc8 26. b3 Qd7 27. Nf1 Qg4+ 28. Ng3 h5 29. Rf4 Qg5 30. h4 Qa5 31. Rf3 Rc3 32. Nf1 Nh6 33. Ne3 Rfc8 34. Nc4 R8xc4 35. bxc4 Ng4 36. Qg3 Rc2 37. Rd3 Qb4 38. Rad1 Qb2 39. Rb3 Qxa2 40. Ra3 Rg2+ 41. Qxg2 Qxa3 42. Re1 Qc3 43. Rd1 Ne3 44. Qd2 Nxd1 45. Qxd1 Qg3+ 46. Kf1 Qf4+ 47. Kg1 Qxf6 48. Qa1 a5 49. Qb2 Qxh4 50. Qxb6 Qg3+ 51. Kf1 a4 52. Qa6 a3 53. c5 dxc5 54. Qf6 Qh3+ 55. Kf2 Qe6 0-1

[Event "Paington op"]
[Site "Paington"]
[Date "2008.09.03"]
[Round "4"]
[White "Adams, David M"]
[Black "Wheeler, John Francis"]
[Result "1/2-1/2"]
[WhiteElo "2188"]
[BlackElo "2125"]
[PlyCount "56"]
[EventDate "2008.08.31"]
[EventType "swiss"]
[EventRounds "7"]
[EventCountry "ENG"]
[SourceTitle "EXT 2010"]
[Source "ChessBase"]
[SourceDate "2010.11.25"]
[SourceVersion "1"]
[SourceVersionDate "2010.11.25"]
[SourceQuality "1"]

1. e4 e5 2. Bc4 Nf6 3. d3 Bc5 4. Nf3 d6 5. c3 0-0 6. Bg5 h6 7. Bh4 Nc6 8. Bb3 Qe7 9. Nbd2 Be6 10. Nc4 d5 11. exd5 Bxd5 12. 0-0 Qe6 13. Re1 Qg4 14. Ncxe5 Nxe5 15. Rxe5 Bxf3 16. Qxf3 Bd6 17. Bxf6 Qxf3 18. gxf3 gxf6 19. Rf5 Rae8 20. f4 Kg7 21. Bd5 Re2 22. Be4 Rxb2 23. Kg2 Rg8 24. Kf3 Be7 25. Rh5 b6 26. d4 Rh8 27. Re1 Kf8 28. Re2 Ba3 1/2-1/2

[Event "BCF-chT2 0708 (4NCL)"]
[Site "Sunningdale"]
[Date "2008.05.04"]
[Round "10.7"]
[White "Yeo, Michael J"]
[Black "Adams, David M"]
[Result "1/2-1/2"]
[WhiteElo "2120"]
[BlackElo "2194"]
[PlyCount "91"]
[EventDate "2007.09.15"]
[EventType "team-tourn"]
[EventRounds "11"]
[EventCountry "ENG"]
[SourceTitle "EXT 2023"]
[Source "ChessBase"]
[SourceDate "2022.10.05"]
[SourceVersion "1"]
[SourceVersionDate "2022.10.05"]
[SourceQuality "1"]
[WhiteTeam "Wessex"]
[BlackTeam "White Rose"]
[WhiteTeamCountry "ENG"]
[BlackTeamCountry "ENG"]

1. e4 e5 2. Nc3 Nf6 3. f4 d5 4. exd5 exf4 5. Qf3 Bd6 6. Bb5+ Bd7 7. Bxd7+ Nbxd7 8. d4 Qe7+ 9. Qe2 Nb6 10. Qxe7+ Kxe7 11. Nge2 g5 12. g3 f3 13. Bxg5 fxe2 14. Ne4 Nbd7 15. Nxf6 Nxf6 16. Kxe2 Rhg8 17. Bh4 Rg4 18. Kf3 Rxh4 19. gxh4 b5 20. a4 Rb8 21. axb5 Rxb5 22. Rhe1+ Kd7 23. c4 Rb3+ 24. Re3 Rxb2 25. Re2 Rb3+ 26. Re3 Rb2 27. Re2 Rb3+ 28. Re3 Rb4 29. c5 Bxh2 30. d6 Nd5 31. Re2 Rb3+ 32. Kg4 Bf4 33. Rxa7 Be3 34. Kf5 Bxd4 35. Rxc7+ Nxc7 36. Re7+ Kd8 37. dxc7+ Kc8 38. Rxf7 Rf3+ 39. Ke6 Rxf7 40. Kxf7 Kxc7 41. Ke6 Kc6 42. Kf5 Kxc5 43. Ke4 h6 44. Kf3 Kd5 45. Kg2 Ke4 46. Kh1 1/2-1/2

[Event "BCF-chT2 0708 (4NCL)"]
[Site "Sunningdale"]
[Date "2008.03.01"]
[Round "7.6"]
[White "Anderton, Matthew"]
[Black "Adams, David M"]
[Result "1/2-1/2"]
[WhiteElo "2232"]
[BlackElo "2203"]
[PlyCount "47"]
[EventDate "2007.09.15"]
[EventType "team-tourn"]
[EventRounds "11"]
[EventCountry "ENG"]
[SourceTitle "EXT 2023"]
[Source "ChessBase"]
[SourceDate "2022.10.05"]
[SourceVersion "1"]
[SourceVersionDate "2022.10.05"]
[SourceQuality "1"]
[WhiteTeam "Guildford III"]
[BlackTeam "White Rose"]
[WhiteTeamCountry "ENG"]
[BlackTeamCountry "ENG"]

1. e4 Nf6 2. e5 Nd5 3. d4 d6 4. Nf3 dxe5 5. Nxe5 g6 6. Bc4 c6 7. Nd2 Bg7 8. Ndf3 0-0 9. 0-0 Nd7 10. Bb3 Nxe5 11. Nxe5 Be6 12. Qe2 Nc7 13. Rd1 Bxb3 14. axb3 Ne6 15. c3 Qd5 16. b4 Rfd8 17. Re1 Bxe5 18. Qxe5 Qxe5 19. Rxe5 Rd6 20. Be3 a6 21. f3 f6 22. Re4 Kf7 23. Bf2 Rd7 24. Bg3 1/2-1/2

[Event "BCF-chT2 0708 (4NCL)"]
[Site "Sunningdale"]
[Date "2008.01.13"]
[Round "6.7"]
[White "Curtis, John E"]
[Black "Adams, David M"]
[Result "1/2-1/2"]
[WhiteElo "2127"]
[BlackElo "2203"]
[PlyCount "44"]
[EventDate "2007.09.15"]
[EventType "team-tourn"]
[EventRounds "11"]
[EventCountry "ENG"]
[SourceTitle "EXT 2023"]
[Source "ChessBase"]
[SourceDate "2022.10.05"]
[SourceVersion "1"]
[SourceVersionDate "2022.10.05"]
[SourceQuality "1"]
[WhiteTeam "Bristol"]
[BlackTeam "White Rose"]
[WhiteTeamCountry "ENG"]
[BlackTeamCountry "ENG"]

1. d4 Nf6 2. Nf3 e6 3. e3 b6 4. Bd3 Bb7 5. Nbd2 d5 6. b3 Bd6 7. Bb2 0-0 8. 0-0 Ne4 9. c4 Nd7 10. Ne5 Bxe5 11. dxe5 Ndc5 12. Be2 dxc4 13. Nxc4 Bd5 14. Bd4 Nb7 15. f3 Nec5 16. Qc2 Qe7 17. Rac1 Rac8 18. Rfd1 Rfd8 19. a3 Bc6 20. Nb2 Bd5 21. Nc4 Bc6 22. Nb2 Bd5 1/2-1/2

[Event "BCF-chT2 0708 (4NCL)"]
[Site "Sunningdale"]
[Date "2007.11.10"]
[Round "3.6"]
[White "Foord, Dominic"]
[Black "Adams, David M"]
[Result "0-1"]
[WhiteElo "2004"]
[BlackElo "2218"]
[PlyCount "63"]
[EventDate "2007.09.15"]
[EventType "team-tourn"]
[EventRounds "11"]
[EventCountry "ENG"]
[SourceTitle "EXT 2023"]
[Source "ChessBase"]
[SourceDate "2022.10.05"]
[SourceVersion "1"]
[SourceVersionDate "2022.10.05"]
[SourceQuality "1"]
[WhiteTeam "Hilsmark Kingfisher II"]
[BlackTeam "White Rose"]
[WhiteTeamCountry "ENG"]
[BlackTeamCountry "ENG"]

1. d4 f5 2. Nf3 Nf6 3. c4 e6 4. Nc3 Bb4 5. Qb3 Nc6 6. a3 Bxc3+ 7. Qxc3 Ne4 8. Qc2 Qf6 9. e3 e5 10. b4 exd4 11. exd4 0-0 12. Bb2 Ng5 13. 0-0-0 Nxf3 14. gxf3 d5 15. Rg1 Be6 16. Re1 Rfe8 17. Bd3 Ne7 18. Kb1 c6 19. h4 Qf7 20. Qd2 Rad8 21. h5 Kf8 22. Qg5 h6 23. Qf4 dxc4 24. Rxg7 Qxg7 25. Rxe6 cxd3 26. d5 Qg5 27. Qe5 Ng8 28. Qc7 Rxe6 29. dxe6 Qe7 30. Qe5 d2 31. Qxf5+ Nf6 32. Qh3 0-1

[Event "BCF-chT2 0708 (4NCL)"]
[Site "Sunningdale"]
[Date "2007.09.15"]
[Round "1"]
[White "Adams, David M"]
[Black "Okike, David"]
[Result "0-1"]
[WhiteElo "2234"]
[BlackElo "2183"]
[PlyCount "92"]
[EventDate "2007.09.15"]
[EventType "team-tourn"]
[EventRounds "11"]
[EventCountry "ENG"]
[SourceTitle "CBM 120 Extra"]
[Source "ChessBase"]
[SourceDate "2007.11.01"]
[SourceVersion "1"]
[SourceVersionDate "2007.11.01"]
[SourceQuality "1"]
[WhiteTeam "White Rose"]
[BlackTeam "Kings Head"]
[WhiteTeamCountry "ENG"]
[BlackTeamCountry "ENG"]

1. e4 e6 2. d4 d5 3. Nd2 c5 4. Ngf3 Nf6 5. exd5 Nxd5 6. g3 Nc6 7. Nb3 cxd4 8. Nbxd4 Bd7 9. Bg2 Bb4+ 10. Bd2 Qb6 11. Nb3 a5 12. 0-0 a4 13. Bxb4 Qxb4 14. c3 Qb6 15. c4 Nf6 16. Nbd4 0-0 17. Qd2 Rfd8 18. Qc3 Rac8 19. b3 Be8 20. Rad1 Nb4 21. Qb2 a3 22. Qxa3 Ra8 23. Qc1 Rxa2 24. Qf4 Nc6 25. c5 Qxc5 26. Qc7 Qe7 27. Qf4 Nd5 28. Nxc6 bxc6 29. Qd4 Rb8 30. Rd3 f6 31. Nd2 c5 32. Qg4 Nb4 33. Qf4 Nxd3 34. Qxb8 Rxd2 35. Ra1 Nb4 36. Ra8 Kf7 37. Bf1 Rd1 38. f3 Bc6 39. Qg8+ Kg6 40. Rf8 Bb5 41. h4 Rxf1+ 42. Kg2 Qb7 43. Rxf6+ Kxf6 44. Qf8+ Kg6 45. h5+ Kxh5 46. Qxc5+ Kg6 0-1

[Event "Paignton op"]
[Site "Paignton"]
[Date "2007.09.07"]
[Round "6"]
[White "Adams, David M"]
[Black "Gregory, Keith D"]
[Result "1/2-1/2"]
[WhiteElo "2234"]
[BlackElo "2100"]
[PlyCount "81"]
[EventDate "2007.09.02"]
[EventType "swiss"]
[EventRounds "7"]
[EventCountry "ENG"]
[SourceTitle "EXT 2008"]
[Source "ChessBase"]
[SourceDate "2007.11.25"]
[SourceVersion "1"]
[SourceVersionDate "2007.11.25"]
[SourceQuality "1"]

1. e4 g6 2. d4 Bg7 3. Nf3 d6 4. Nc3 a6 5. a4 b6 6. Bd3 Bb7 7. 0-0 Nd7 8. Re1 e6 9. Bf4 Ne7 10. Qd2 h6 11. h3 Kf8 12. Rad1 Kg8 13. Bc4 Kh7 14. Nh2 Rf8 15. Be3 Nf6 16. Ng4 Nfg8 17. f4 f5 18. Nh2 d5 19. exd5 exd5 20. Be2 Nf6 21. Nf3 Ne4 22. Nxe4 dxe4 23. Ne5 Nd5 24. c4 Nxe3 25. Qxe3 Qe7 26. Kh2 Rad8 27. Qg3 g5 28. Bh5 gxf4 29. Bg6+ Kg8 30. Qxf4 Rxd4 31. Nf7 Rxf7 32. Bxf7+ Qxf7 33. Rxd4 Bxd4 34. Rd1 c5 35. Qxh6 f4 36. Qg5+ Kh7 37. Qh4+ Kg8 38. Qd8+ Kh7 39. Qh4+ Kg6 40. Qg4+ Kh6 41. Qh4+ 1/2-1/2

[Event "Paignton op"]
[Site "Paignton"]
[Date "2007.09.06"]
[Round "5"]
[White "Cutmore, Martin J"]
[Black "Adams, David M"]
[Result "1-0"]
[WhiteElo "2010"]
[BlackElo "2234"]
[PlyCount "83"]
[EventDate "2007.09.02"]
[EventType "swiss"]
[EventRounds "7"]
[EventCountry "ENG"]
[SourceTitle "EXT 2008"]
[Source "ChessBase"]
[SourceDate "2007.11.25"]
[SourceVersion "1"]
[SourceVersionDate "2007.11.25"]
[SourceQuality "1"]

1. d4 f5 2. Nc3 d5 3. e4 dxe4 4. Bf4 Nf6 5. f3 e6 6. fxe4 fxe4 7. Qd2 Be7 8. Bc4 0-0 9. Nge2 Nc6 10. 0-0 Na5 11. Bb3 Nxb3 12. axb3 Bd7 13. d5 exd5 14. Nxd5 Bb5 15. Nxe7+ Qxe7 16. c4 Bc6 17. Qe3 Rad8 18. Nd4 Qd7 19. Rad1 Qg4 20. h3 Qh5 21. Rd2 Qc5 22. Bxc7 Rd7 23. Rf5 Qb4 24. Be5 Ne8 25. Rxf8+ Qxf8 26. Nxc6 Rxd2 27. Qxd2 bxc6 28. Qd4 Qf5 29. c5 Nf6 30. b4 Nd5 31. b5 e3 32. bxc6 Qf2+ 33. Kh2 Qd2 34. Qg4 g6 35. c7 Nxc7 36. Qc8+ Kf7 37. Qxc7+ Ke8 38. Qc8+ Ke7 39. Bd6+ Kf6 40. Qf8+ Ke6 41. Bf4 Qxb2 42. Qe8+ 1-0

[Event "Paignton op"]
[Site "Paignton"]
[Date "2007.09.03"]
[Round "2"]
[White "Adams, David M"]
[Black "Marsh, Roger DW"]
[Result "1-0"]
[WhiteElo "2234"]
[BlackElo "2087"]
[PlyCount "81"]
[EventDate "2007.09.02"]
[EventType "swiss"]
[EventRounds "7"]
[EventCountry "ENG"]
[SourceTitle "EXT 2008"]
[Source "ChessBase"]
[SourceDate "2007.11.25"]
[SourceVersion "1"]
[SourceVersionDate "2007.11.25"]
[SourceQuality "1"]

1. e4 c6 2. d4 d5 3. exd5 cxd5 4. Bd3 Nf6 5. c3 Nc6 6. Nd2 Qc7 7. Ngf3 Bg4 8. 0-0 e6 9. Re1 Bd6 10. Nf1 0-0 11. Bg5 Nh5 12. h3 Bxf3 13. Qxf3 Nf4 14. Bb1 h6 15. Bh4 Ne7 16. Ne3 Neg6 17. Bg3 b5 18. Ng4 a5 19. Ne5 Nxe5 20. dxe5 Bxe5 21. Rxe5 Qxe5 22. Bxf4 Qe1+ 23. Kh2 f5 24. Qe3 Qxe3 25. Bxe3 e5 26. Bd3 d4 27. cxd4 exd4 28. Bd2 b4 29. Rc1 g5 30. Rc6 Kg7 31. f4 g4 32. hxg4 fxg4 33. Rg6+ Kf7 34. Rxg4 Rh8 35. f5 Rad8 36. Rg6 Ke7 37. g4 Rd6 38. Rg7+ Kf6 39. Ra7 Rd5 40. Ra6+ Ke5 41. Re6# 1-0